[Event "Gran pri CS 2010-2011"]
[Site "Despotovac"]
[Date "2011.10.22"]
[Round "6"]
[White "Zlatanovic, Boroljub"]
[Black "Damljanovic, Branko"]
[Result "0-1"]
[WhiteElo "2437"]
[BlackElo "2607"]
[PlyCount "149"]
[Source "Perpetual Check"]

1. c4 Nf6 2. Nc3 g6 3. g3 Bg7 4. Bg2 O-O 5. e4 c5 6. Nge2 Nc6 7. O-O a6 8. d3
Rb8 9. a4 d6 10. f4 Bg4 11. h3 Bxe2 12. Nxe2 Ne8 13. Ra2 Nc7 14. Be3 Ne6 15. h4
Ned4 16. Bxd4 Bxd4+ 17. Kh2 Nb4 18. Ra3 Bxb2 19. Rb3 Bg7 20. h5 Qa5 21. Rb1 b5
22. axb5 axb5 23. hxg6 hxg6 24. f5 g5 25. f6 Bxf6 26. Rxf6 exf6 27. Nc3 bxc4
28. dxc4 Kg7 29. Qf3 Rh8+ 30. Kg1 Qd8 31. Rf1 Rh6 32. Qg4 Ra8 33. e5 dxe5 34.
Bxa8 Qxa8 35. Qe4 Qa3 36. Qf3 Nc6 37. Ne4 Qxf3 38. Rxf3 Nd4 39. Ra3 f5 40. Nxc5
Rb6 41. Nd7 Rb1+ 42. Kf2 Rb2+ 43. Kf1 e4 44. Ne5 Kf6 45. Nd7+ Ke6 46. Nf8+ Ke7
47. Nh7 Nf3 48. Rxf3 exf3 49. Nxg5 Rg2 50. Nxf3 Rxg3 51. Kf2 Rg8 52. Ke3 Kf6
53. c5 Re8+ 54. Kd4 Rd8+ 55. Kc4 f4 56. c6 Rd1 57. Nd4 Ke5 58. Nb5 Rc1+ 59. Nc3
Kd6 60. Kd3 Kxc6 61. Ne2 Ra1 62. Nxf4 Kd6 63. Ke4 Ke7 64. Kf5 Ra5+ 65. Ke4 f5+
66. Kf3 Kf6 67. Ne2 Kg5 68. Kg3 Ra3+ 69. Kf2 Kg4 70. Nd4 f4 71. Ne2 Ra2 72. Kf1
Rxe2 73. Kxe2 Kg3 74. Kf1 Kf3 75. Ke1 0-1

[Event "Gran pri CS 2010-2011"]
[Site "Despotovac"]
[Date "2011.10.22"]
[Round "6"]
[White "Kovacevic, Aleksandar"]
[Black "Cabrilo, Goran"]
[Result "1/2-1/2"]
[WhiteElo "2568"]
[BlackElo "2454"]
[PlyCount "150"]
[Source "Perpetual Check"]

1. e4 c5 2. Nf3 Nc6 3. Bb5 e6 4. O-O Nge7 5. Re1 a6 6. Bf1 Nd4 7. Nxd4 cxd4 8.
d3 Nc6 9. Nd2 Be7 10. Nf3 O-O 11. Bd2 d6 12. c3 dxc3 13. Bxc3 d5 14. Ne5 d4 15.
Nxc6 bxc6 16. Bd2 e5 17. Be2 a5 18. Bg4 Ba6 19. Qc2 c5 20. b3 Qb6 21. Bd7 Rad8
22. Ba4 Rc8 23. Rad1 Bd6 24. Rf1 Kh8 25. Kh1 Qc7 26. f3 f5 27. Kg1 h6 28. Be1
Ra8 29. Qd2 Bb7 30. Qe2 Rf7 31. Rf2 Qe7 32. Bb5 Bc7 33. Rc1 Raf8 34. Qc2 Bb6
35. Qd1 Rf6 36. Rcc2 Rg6 37. Rce2 Rgf6 38. Bd2 f4 39. Qe1 Ra8 40. g4 Rff8 41.
Rg2 g6 42. h4 Kh7 43. Rh2 Rfc8 44. Qc1 Rc7 45. Be1 Bc8 46. Rc2 Rb8 47. Bc4 Bd7
48. a4 Be8 49. Bd2 Qf8 50. Qe1 Ra8 51. Bd5 Raa7 52. Bc1 Qd6 53. Ba3 Bc6 54.
Bxc6 Rxc6 55. h5 g5 56. Qc1 Rac7 57. Rb2 Qe6 58. Qc4 Kg7 59. Rhc2 Kf6 60. Kf2
Ba7 61. Rc1 Rb7 62. Qxe6+ Kxe6 63. Ke2 Kd6 64. Kd2 Rb8 65. Rc4 Rb7 66. Kc2 Rb8
67. Rb1 Rb7 68. Rb2 Bb6 69. Kb1 Rbc7 70. Ka2 Rc8 71. Rbc2 R8c7 72. Bc1 Rc8 73.
Bd2 R8c7 74. Bc1 Rc8 75. Ba3 R8c7 1/2-1/2

[Event "Gran pri CS 2010-2011"]
[Site "Despotovac"]
[Date "2011.10.22"]
[Round "6"]
[White "Milanovic, Danilo"]
[Black "Todorovic, Goran M"]
[Result "1/2-1/2"]
[WhiteElo "2516"]
[BlackElo "2487"]
[PlyCount "75"]
[Source "Perpetual Check"]

1. d4 d5 2. c4 e6 3. Nf3 c5 4. cxd5 exd5 5. g3 Nf6 6. Bg2 Be7 7. O-O O-O 8.
dxc5 Bxc5 9. b3 Nc6 10. Bb2 d4 11. Nbd2 a6 12. Rc1 Ba7 13. Nc4 Re8 14. Ba3 Ne4
15. Bb2 h6 16. a3 Bf5 17. b4 Qf6 18. e3 Rad8 19. Qb3 Bg4 20. exd4 Nxd4 21. Nxd4
Bxd4 22. Bxd4 Qxd4 23. Qe3 b5 24. Qxd4 Rxd4 25. Bxe4 Rexe4 26. Ne3 Bf3 27. Rc3
Be2 28. Rfc1 Rd2 29. Rc8+ Kh7 30. R8c7 Bh5 31. R7c6 Re6 32. Rxe6 fxe6 33. g4
Bg6 34. Rc6 Ra2 35. Rxa6 Be4 36. h3 g5 37. Rxe6 Ra1+ 38. Kh2 1/2-1/2

[Event "Gran pri CS 2010-2011"]
[Site "Despotovac"]
[Date "2011.10.22"]
[Round "6"]
[White "Pavlovic, Goran"]
[Black "Ivanisevic, Ivan"]
[Result "1/2-1/2"]
[WhiteElo "2406"]
[BlackElo "2633"]
[PlyCount "103"]
[Source "Perpetual Check"]

1. d4 Nf6 2. c4 e6 3. Nf3 d5 4. Nc3 c6 5. e3 Nbd7 6. Bd3 dxc4 7. Bxc4 b5 8. Bd3
a6 9. e4 c5 10. e5 cxd4 11. Nxb5 axb5 12. exf6 gxf6 13. O-O Qb6 14. Bf4 Bb7 15.
Qe2 Bd6 16. Bg3 Ke7 17. Rfd1 Rag8 18. Be4 Bxg3 19. hxg3 d3 20. Qe1 Bxe4 21.
Qxe4 Nc5 22. Qb4 Rd8 23. a4 Rd5 24. axb5 Rb8 25. Nd4 Ke8 26. Qc4 Nd7 27. Nc6
Ne5 28. Nxe5 fxe5 29. Qh4 Qd4 30. Qxh7 Ke7 31. Ra3 e4 32. Qh4+ Kd7 33. g4 d2
34. Qh7 Ke7 35. Re3 Rh8 36. Qxe4 Qxe4 37. Rxe4 Rc8 38. Kf1 Rc2 39. Ke2 Rxb2 40.
Re3 Rd4 41. f3 Rxb5 42. Rxd2 Rxd2+ 43. Kxd2 Rb2+ 44. Ke1 Rxg2 45. Re2 Rg3 46.
Kf2 Rh3 47. Kg2 Rh8 48. Rf2 Kf6 49. Kg3 Rb8 50. Re2 Rb5 51. Re1 Kg5 52. Re2
1/2-1/2

[Event "Gran pri CS 2010-2011"]
[Site "Despotovac"]
[Date "2011.10.22"]
[Round "6"]
[White "Lajthajm, Borko"]
[Black "Tosic, Miroslav"]
[Result "1-0"]
[WhiteElo "2496"]
[BlackElo "2434"]
[PlyCount "43"]
[Source "Perpetual Check"]

1. d4 Nf6 2. c4 g6 3. Nc3 Bg7 4. e4 d6 5. h3 O-O 6. Bg5 h6 7. Be3 e5 8. d5 a5
9. Qd2 Kh7 10. g4 Na6 11. Nge2 Nc5 12. Ng3 Ng8 13. Be2 Bf6 14. h4 Bxh4 15. g5
Bxg3 16. fxg3 f5 17. gxf6 Qxf6 18. Bxh6 Qf2+ 19. Kd1 Qg2 20. Kc2 Bh3 21. Bxf8
Rxf8 22. Rag1 1-0

[Event "Gran pri CS 2010-2011"]
[Site "Despotovac"]
[Date "2011.10.22"]
[Round "7"]
[White "Perunovic, Milos"]
[Black "Kovacevic, Aleksandar"]
[Result "1-0"]
[WhiteElo "2576"]
[BlackElo "2568"]
[PlyCount "85"]
[Source "Perpetual Check"]

1. e4 e6 2. d4 d5 3. Nc3 Nf6 4. e5 Nfd7 5. f4 c5 6. Nf3 Nc6 7. Be3 Be7 8. a3 b6
9. Bd3 O-O 10. O-O f5 11. exf6 Nxf6 12. Bb5 Qc7 13. Bxc6 Qxc6 14. Ne5 Qc7 15.
Qf3 Rb8 16. Nb5 Qb7 17. Rae1 Ne4 18. Qh5 Bf6 19. Ng4 a6 20. Nc3 cxd4 21. Nxe4
dxe4 22. Nxf6+ gxf6 23. Bxd4 Qd5 24. Qg4+ Kf7 25. Rd1 Rg8 26. Qh3 Qf5 27. Qc3
Bb7 28. Be3 Bd5 29. Kh1 Rbc8 30. Qd2 b5 31. Rf2 h5 32. Qd4 Rc6 33. Qa7+ Kg6 34.
Rg1 Rg7 35. Qb8 Kh7 36. c3 h4 37. Qe8 Rcc7 38. Qf8 Rg6 39. Qd6 Rc6 40. Qd8 Rg7
41. g4 hxg3 42. hxg3 Kg6 43. Qe8+ 1-0

[Event "Gran pri CS 2010-2011"]
[Site "Despotovac"]
[Date "2011.10.22"]
[Round "7"]
[White "Damljanovic, Branko"]
[Black "Lajthajm, Borko"]
[Result "1-0"]
[WhiteElo "2607"]
[BlackElo "2496"]
[PlyCount "54"]
[Source "Perpetual Check"]

1. d4 Nf6 2. c4 e6 3. Nf3 Bb4+ 4. Bd2 Qe7 5. g3 O-O 6. Bg2 Bxd2+ 7. Qxd2 d6 8.
Nc3 c6 9. e4 e5 10. h3 exd4 11. Nxd4 d5 12. O-O Nxe4 13. Qe3 Qf6 14. Nxe4 dxe4
15. Qxe4 Nd7 16. b3 a5 17. Rad1 a4 18. Rfe1 axb3 19. axb3 Ra2 20. Qe3 g6 21.
Nf3 Nb8 22. Ne5 Na6 23. Rd4 Be6 24. g4 Rd8 25. Red1 Rxd4 26. Qxd4 h6 27. Nxc6
Rb2 1-0

[Event "Gran pri CS 2010-2011"]
[Site "Despotovac"]
[Date "2011.10.22"]
[Round "7"]
[White "Zlatanovic, Boroljub"]
[Black "Milanovic, Danilo"]
[Result "1-0"]
[WhiteElo "2437"]
[BlackElo "2516"]
[PlyCount "26"]
[Source "Perpetual Check"]

1. Nc3 d5 2. e4 d4 3. Nce2 e5 4. Ng3 Be6 5. Nf3 f6 6. c3 d3 7. Nxe5 fxe5 8.
Qh5+ Ke7 9. Qxe5 Nc6 10. Qb5 a6 11. Qxd3 h5 12. h4 Nf6 13. Be2 Kf7 1-0

[Event "Gran pri CS 2010-2011"]
[Site "Despotovac"]
[Date "2011.10.22"]
[Round "7"]
[White "Cabrilo, Goran"]
[Black "Nestorovic, Nikola"]
[Result "1-0"]
[WhiteElo "2454"]
[BlackElo "2464"]
[PlyCount "61"]
[Source "Perpetual Check"]

1. e4 e5 2. Nf3 Nc6 3. Bb5 a6 4. Ba4 Nf6 5. O-O Be7 6. Re1 b5 7. Bb3 d6 8. c3
O-O 9. a3 h6 10. d4 Bg4 11. d5 Na5 12. Ba2 c6 13. dxc6 Qc7 14. h3 Be6 15. Nh4
Bxa2 16. Rxa2 Rfe8 17. Nf5 Bf8 18. Qf3 Re6 19. a4 Qxc6 20. axb5 axb5 21. Nd2 g6
22. Ne3 Qb7 23. b4 Nc6 24. Rxa8 Qxa8 25. Nd5 Qd8 26. Qd3 Na7 27. Nb3 Nxd5 28.
Qxd5 Qc7 29. Be3 Nc8 30. Rc1 Qd7 31. Nc5 1-0

[Event "Gran pri CS 2010-2011"]
[Site "Despotovac"]
[Date "2011.10.22"]
[Round "7"]
[White "Ivanisevic, Ivan"]
[Black "Novoselski, Zoran"]
[Result "1-0"]
[WhiteElo "2633"]
[BlackElo "2384"]
[PlyCount "77"]
[Source "Perpetual Check"]

1. d4 e6 2. e4 d5 3. Nc3 Nf6 4. Bd3 Bb4 5. e5 Ne4 6. Nge2 c5 7. O-O Nxc3 8.
bxc3 Ba5 9. dxc5 Nd7 10. Ba3 Nxe5 11. c6 bxc6 12. Rb1 Bb6 13. Nd4 Bd7 14. Ba6
c5 15. Qe2 Ng6 16. Nb3 Qc7 17. Qe3 c4 18. Nd4 Qf4 19. Qh3 h5 20. Rfe1 Qg5 21.
Bd6 Ne7 22. Re5 Qg4 23. Qe3 Nf5 24. Rxf5 Bxd4 25. cxd4 Qxf5 26. Qc3 f6 27. h3
Kf7 28. Rb7 Rhd8 29. Bb5 Ke8 30. Qa5 e5 31. Ba3 Qe6 32. dxe5 fxe5 33. Qb4 Kf7
34. Qa4 Ke8 35. Qb4 Kf7 36. Qc5 Kg8 37. Qc7 Rac8 38. Bxd7 Rxd7 39. Qxc8+ 1-0